Krajiny sveta - Slovenský kvíz - Statistics

General Stats
  • This quiz has been taken 657 times
  • The average score is 102 of 196
Answers on the Map
Answers color-coded by a green-red scale on the quiz's map according to % correct below.
 
Answer Stats
Hint Hint Country % Correct
423.0 98.0 Slovensko
92%
153 129 Spojené štáty
91%
414.0 93.8 Česko
90%
577 52 Rusko
90%
143 66 Kanada
89%
423.6 87.1 Poľsko
89%
377 86 Spojené kráľovstvo
89%
386 105 Francúzsko
88%
424.4 103.1 Maďarsko
88%
404.0 89.9 Nemecko
88%
615.0 140.9 Čína
87%
361.7 127.6 Portugalsko
87%
416.4 124.2 Taliansko
87%
450.6 96.0 Ukrajina
87%
151.0 182.0 Mexiko
86%
414.2 100.9 Rakúsko
86%
372 127.5 Španielsko
86%
401.7 57 Nórsko
85%
414.3 60.5 Švédsko
85%
683.0 342.0 Austrália
84%
437 52 Fínsko
84%
266 294 Brazília
83%
401.5 73.5 Dánsko
82%
447.0 171.3 Egypt
82%
363.0 82.5 Írsko
82%
418.0 108.0 Chorvátsko
81%
341 43 Island
81%
413.0 106.5 Slovinsko
81%
234.0 373.0 Argentína
80%
430 129 Grécko
80%
398.4 103.5 Švajčiarsko
80%
443.4 81.2 Bielorusko
79%
556 185.9 India
79%
693.3 140.0 Japonsko
79%
460.3 130.6 Turecko
79%
391.0 91.0 Belgicko
78%
436.7 107.1 Rumunsko
78%
218 384 Čile
77%
393 86.9 Holandsko
77%
434.3 76.3 Litva
77%
427.6 113.0 Srbsko
76%
614.2 104.1 Mongolsko
75%
437.8 117.9 Bulharsko
74%
439.0 64.8 Estónsko
74%
438.0 70.6 Lotyšsko
74%
425.5 124.0 Albánsko
73%
669 139 Južná Kórea
73%
421.0 113.0 Bosna a Hercegovina
72%
486.0 324.3 Madagaskar
72%
665.7 127 Severná Kórea
72%
423.7 117.8 Čierna Hora
71%
501.3 152.5 Irán
71%
431 365 Južná Afrika
71%
533.0 100.0 Kazachstan
71%
403.3 203.9 Niger
70%
478.8 149.9 Irak
69%
455.3 143.7 Cyprus
67%
206.0 190.2 Kuba
67%
366.0 153.5 Maroko
67%
776.7 391.9 Nový Zéland
67%
384.2 167.2 Alžírsko
66%
208 292 Peru
66%
394.3 94.2 Luxembursko
65%
482.1 179.9 Saudská Arábia
65%
444.4 102.0 Moldavsko
64%
401 148 Tunisko
64%
459.0 157.0 Izrael
63%
254.9 370.2 Uruguaj
63%
398.0 230.8 Nigéria
62%
429.5 121.7 Severné Macedónsko
62%
635.5 264 Indonézia
60%
216.3 247.5 Kolumbia
60%
408.5 120.7 Vatikán
60%
624.3 219.9 Vietnam
60%
657 220.6 Filipíny
59%
427.5 118.5 Kosovo
59%
419.3 172.9 Líbya
59%
535.7 164.2 Pakistan
59%
488 230 Somálsko
59%
232 235 Venezuela
59%
236.0 319.0 Bolívia
58%
433.0 267.2 Konžská demokratická republika
58%
412.9 141.1 Malta
58%
509.33 187.2 Omán
58%
608.0 207.9 Thajsko
58%
204.0 265.5 Ekvádor
56%
248.9 339.7 Paraguaj
56%
448.5 209.5 Sudán
56%
384.0 118.7 Andorra
55%
479 120 Gruzínsko
55%
397.2 114.5 Monako
55%
198 232.5 Panama
55%
502.0 182.5 Spojené arabské emiráty
55%
242.4 209.5 Dominika
54%
416.9 260.5 Kongo
54%
569.8 166.5 Nepál
54%
408.5 113.9 San Marino
54%
528.0 149.2 Afganistan
53%
562 235.3 Srí Lanka
53%
470.0 234.2 Etiópia
52%
422.6 209.4 Čad
51%
206 200.2 Jamajka
51%
488.3 208.2 Jemen
50%
465.8 259.9 Keňa
50%
525 122.5 Uzbekistan
50%
467.0 143.0 Sýria
49%
652.9 182.1 Taiwan
49%
221 197 Dominikánska republika
48%
377 202.2 Mali
48%
480.5 125.0 Arménsko
46%
495.7 176.2 Katar
46%
610.3 194.9 Laos
46%
402.0 103.1 Lichtenštajnsko
46%
610.3 247.2 Malajzia
46%
218 196 Haiti
45%
420.0 301.2 Angola
44%
487.6 125.0 Azerbajdžan
44%
192.0 228.0 Kostarika
44%
347 212 Senegal
44%
378.2 234.5 Ghana
43%
584.1 169.4 Bhután
42%
353.3 224.2 Guinea
42%
616.0 219.1 Kambodža
42%
703.7 282.4 Papua-Nová Guinea
42%
447.0 325.0 Zimbabwe
42%
583.0 181.8 Bangladéš
40%
462.3 158.9 Jordánsko
40%
461.7 146.8 Libanon
40%
545.9 248.9 Maldivy
40%
427.6 239.0 Stredoafrická republika
40%
513.0 130.6 Turkménsko
40%
449.6 239.5 Južný Sudán
39%
368.0 235.9 Pobrežie Slonoviny
39%
209.0 180.9 Bahamy
38%
459.1 282.5 Tanzánia
38%
438 310 Zambia
38%
435.0 336.1 Botswana
37%
184.5 210.7 Honduras
37%
418 328 Namíbia
37%
614.2 256.7 Singapur
37%
180.9 203.6 Belize
36%
487.0 162.9 Kuvajt
35%
467 309.5 Mozambik
35%
188.2 218.1 Nikaragua
35%
545.2 133.5 Tadžikistan
35%
453.1 256.6 Uganda
35%
248 242 Guyana
34%
177.4 210.0 Guatemala
33%
407.0 247.0 Kamerun
33%
548.0 122.0 Kirgizsko
33%
597.0 188.5 Mjanmarsko
33%
466.3 209.2 Eritrea
32%
406.5 264 Gabon
32%
354 195.5 Mauritánia
32%
180.4 215.0 Salvádor
31%
254.4 248.1 Surinam
31%
243.2 214.6 Svätá Lucia
31%
383.0 232.4 Togo
31%
782.9 320.1 Fidži
30%
494.3 174.0 Bahrajn
29%
359.2 239.6 Libéria
29%
506.5 276 Seychely
29%
510.1 329.1 Maurícius
28%
447.8 267.7 Rwanda
28%
385.7 225.0 Benin
26%
444.0 360.5 Lesotho
26%
456.0 307.0 Malawi
26%
717.7 235.2 Mikronézia
26%
326.7 206.9 Kapverdy
25%
404.0 255.8 Rovníková Guinea
25%
377.0 219.0 Burkina
23%
344 216 Gambia
23%
395.5 260.6 Svätý Tomáš a Princov ostrov
23%
664.3 290.8 Východný Timor
23%
476.4 221.6 Džibutsko
22%
447.8 272.6 Burundi
21%
451.3 350.1 Eswatini
21%
760.6 232.2 Marshallove ostrovy
21%
742.1 295.0 Šalamúnove ostrovy
21%
246.5 217.0 Barbados
20%
347.7 220.3 Guinea-Bissau
20%
638.6 246.1 Brunej
19%
354.0 232.9 Sierra Leone
19%
241.4 204.0 Antigua a Barbuda
18%
242.5 226.6 Trinidad a Tobago
18%
241.6 220.6 Grenada
17%
479.4 301.4 Komory
17%
242.7 216.8 Svätý Vincent a Grenadíny
17%
785 295.3 Tuvalu
17%
21.0 272.0 Kiribati
16%
802.8 307.7 Samoa
15%
798.1 328.7 Tonga
15%
759 318.6 Vanuatu
14%
680.5 241.3 Palau
13%
755 264 Nauru
11%
239.4 203.4 Svätý Krištof a Nevis
11%
No matching quizzes found
Score Distribution
Percent of People with Each Score
Percentile by Number Answered
Your Score History
You have not taken this quiz